02056agaaa2200313 45000010005000000030009000050050017000140070009000310080040000400400023000800410014001031000050001171300017001672400044001842450171002282460037003992500022004362600103004583000034005615080158005955110092007535200618008455380016014635460014014796500069014937000054015627000062016167000064016780587IT-RoPAU20220918181251.0d cvaizq50131s9999||||xx ||| | || ||und|| aIT-RoPAUcIT-RoPAU aITALIANO  aWieczynski RafalgCodice regista SPICS: 60237 aPOPIELUSZKO  aPOPIELUSZKO, WOLNOSC JEST W NAS gT3892 aPOPIELUSZKO cProdotto da: Swiercz Wieczynska J -- Sceneggiatura: Wieczynski Rafal -- Diretto da: Wieczynski RafalpPOPIELUSZKO (Rif. Codice opera principale : K0587) aPOPIELUSZKO, WOLNOSC JEST W NAS  aEdizione Standard a(POLINIA )bN.d. / Distribuzione: MAGAZZINO DISP g"2009 (1° ed.: 2010 ; Ed. Lingua Orig.: 2009)" aDVDbsonoro, col.c149 minuti a"Fotografia: Kedzierski Grzegorz ; Montaggio: Ciszewski Marek ; Musica: Sydor Pawel; Sceneggiatura: Wieczynski Rafal ; Scenografia: Kowalczyk Andrzej ; " a"Woronowicz Adam; Zamachowski Zbigniew; Englert Jan; Jezewska Joanna; Kacprzak Magda; " aAGOSTO 1980. DOPO IL PRIMO PELLEGRINAGGIO DI GIOVANNI PAOLO II IN POLONIA, I LAVORATORI COMINCIANO GLI SCIOPERI CONTRO IL REGIME COMUNISTA. NEL PAESE VIENE PROCLAMATA LA LEGGE MARZIALE. VARSAVIA E' OCCUPATA DAI CARRI ARMATI E GLI SCIOPERI VENGONO BRUTALMENTE REPRESSI. A CELEBRARE LA MESSA E AD AIUTARE GLI OPERAI ARRIVA UN GIOVANE SACERDOTE: JERZY POPIELUSZKO. LA STORIA DI UN UOMO CHE, DA SEMPLICE RAGAZZO DI CAMPAGNA, DIVENTA GUIDA SPIRITUALE DI UN'INTERA NAZIONE E IL SIMBOLO DELLA LOTTA PER LA LIBERTA' E LA VERITA'. REPRESSIONE, LIBERTA' VERITA', SACRIFICIO. CONTENUTI EXTRA: TRAILER, GALLERIA FOTOGRAFICA.  aPAL, STEREO aITALIANO  aBIOGRAFICO - STORICOeDVD-FILM [DVD]xCodice MATERIA SPICS: 9947 aSydor Pawele(musica)gCodice Musica SPICS: 60238 aWieczynski Rafal e(regista)gCodice regista SPICS: 60237 aWieczynski Rafal e(soggetto)gCodice Soggetto SPICS: 60237